| 000 | 00481nam a22001457a 4500 | ||
|---|---|---|---|
| 999 |
_c528027 _d528027 |
||
| 020 | _qHard Cover. | ||
| 082 | _a572.8 | ||
| 100 | _aQaiser, Fatima | ||
| 245 |
_aPROTEIN KINASE CK2 AS SUPPRESSOR OF APOPTOSIS AN DA POTENTIAL PROGNOSTIC MARKER FOR CANCER / _cQaiser, Fatima |
||
| 260 |
_aIslamabad: _bAMC - NUST, _c2015. |
||
| 942 |
_2ddc _cTHE |
||
| 650 |
_aPh. D. Thesis. _919288 |
||
| 700 |
_aDr. Abdul Khaliq Naveed. _919320 |
||